000 00379nam a2200121Ia 4500
008 220620s9999||||xx |||||||||||||| ||und||
245 2 _aA Search for Antibacterial Agents
546 _aEnglish[eng]
650 _aBacteriology (non-medical)
700 _aBobbarala, Varaprasad
856 _uhttps://mts.intechopen.com/storage/books/2129/authors_book/authors_book.pdf
942 _cEB
999 _c26379
_d26379